• 首页
  • 本馆介绍
  • 公告通知
  • 最新文献
  • 馆藏检索
  • 电子资源
  • 读者导购
  • 参考咨询
  • 我的图书馆
  • 登录
  • 详细信息显示
  • 放入我的书架
  • 预约/预借图书
  • 作者相关作品
  • 分类相关作品
  • 丛书相关作品
  • 出版社相关作品

书目信息

  • 表格格式
  • 工作单格式
  • 卡片格式
题名:
车工技术问答
    
 
作者: 葛维霞 编
分册:  
出版信息: 哈尔滨   黑龙江科学技术出版社  1983
页数: 273页
开本: 19cm
丛书名:
单 册:
中图分类: TG51
科图分类:
主题词: 车削 , 车床 , 车削--问答
电子资源:
ISBN:
000 00760nam0 2200265 45
001 0183000065
005 20060511110858.14
010    @dCNY0.97
091    @a15217.092
100    @a19950526d1983 em y0chiy0121 ea
101 0  @achi
102    @aCN@b230000
105    @ay z 000yy
200 10 @a车工技术问答@Ache gong ji shu wen da@f葛维霞等编@Fge wei xia deng bian
210    @a哈尔滨@c黑龙江科学技术出版社@d1983
215    @a273页@d19cm
300    @a本书依据机械工业部所颁布的《工人技术等级标准》中规下的3-6级车工的应知内容编写。
606 0  @a车削
606 0  @a车床
606    @a车削@x问答
690    @aTG51
701  0 @a葛维霞@Age wei xia@4编
801  2 @aCN@bNLC@c20060511
801  0 @aCN@b上海图书馆@c20040521
905    @f1@b111118@dTG51@e1
    
    车工技术问答/葛维霞等编.-哈尔滨:黑龙江科学技术出版社,1983
    273页;19cm
    本书依据机械工业部所颁布的《工人技术等级标准》中规下的3-6级车工的应知内容编写。
    
    ISBN :CNY0.97
    
●
相关链接 在E读中查询图书 在五车中查询图书 在当当中查询图书 在豆瓣中查询图书


正题名:车工技术问答     索取号:TG51/1         预约/预借

序号 登录号 条形码 馆藏地/架位号 状态 备注
1 0111117   202321665   密集书库/ [索取号:TG51/1] 在馆    
2 0111118   001363189   第三借阅区/ [索取号:TG51/1] 在馆    
3 0111119   202321718   密集书库/ [索取号:TG51/1] 在馆    
唐山师范学院图书馆 欢迎您!
大连网信软件有限公司© 版权所有